| 000 | 02253nam a22003137a 4500 | ||
|---|---|---|---|
| 001 | 4628 | ||
| 003 | FISKH | ||
| 005 | 20240918120910.0 | ||
| 008 | 240918b cb ||||| |||| 00| 0 eng d | ||
| 020 | _a9789996389306 | ||
| 040 |
_aFISKH _bKhmer _cFISKH _dFISKH |
||
| 050 | _aPZ7 | ||
| 082 | _a800 | ||
| 100 |
_aAnonymous _eauthor |
||
| 245 |
_aក្លើបីនាក់ / _cby Anonymous |
||
| 250 | _aបោះពុម្ពឆ្នាំ២០១៥ | ||
| 260 |
_aភ្នំពេញ : _bអផ្សុក ; _c២០១៥ . |
||
| 300 |
_a12 pages : _bcolor illustrations ; _c22 cm . |
||
| 490 | _aនិទានអប់រំសម្រាប់កុមារ | ||
| 505 | _aH | ||
| 520 | _aនៅក្នុងព្រៃធំមួយមានសត្វបីក្បាល មានក្តាន់ សេក និងអណ្តើក ជាមិត្តល្អនឺងគ្នា ។ថ្ងៃមួយក្តាន់ជាប់អន្ទាក់នាយព្រាន អណ្តើកនិងសេកទៅជួយ ។ នាយព្រានខឺងខ្លាំងណាស់ក៏ចាប់អណ្តើកព្យួរនឺងដើមឈើ ។ក្តាន់ប្រើស្នែងទំលុះអន្ទាក់ ហើយក៏ទៅជួយអណ្តើក ហើយសេកក៏ហិរទៅសម្បុកវិញ។ក្រោយមកពួកគេក៏នៅជាមួយគ្នាយ៉ាងសប្បាយរីករាយ ។ | ||
| 520 | _aIn a forest, there are three animals, a deer, a parrot, and a turtle are good friends.One day, a deer was trapped by hunter and a parrot came to help. The hunter was very angry and caught the turtle hanging from a tree. The deer used its horns to break the trap and went to help the turtle, and the parrot returned to its nest. Later on they live happily together. | ||
| 521 | 8 |
_a430
_bLexile estimate |
|
| 521 | 8 |
_aH
_bRaz-Plus |
|
| 650 |
_aទីលំនៅរបស់សត្វបីក្បាល _vរឿងនិទានកុមារ |
||
| 650 |
_athree birds' home _vchildren's stories |
||
| 942 |
_2ddc _cKHB _n0 |
||
| 999 |
_c4628 _d4628 |
||